Perils of subletting (Record no. 28818)

MARC details
000 -LEADER
fixed length control field 00730cab a2200193 4500
001 - CONTROL NUMBER
control field ABS44113
008 - FIXED-LENGTH DATA ELEMENTS--GENERAL INFORMATION
fixed length control field 090401t1991 xxu||||| |||| 00| 0 eng d
035 ## - SYSTEM CONTROL NUMBER
System control number (Sirsi) u45402
041 ## - LANGUAGE CODE
Language code of text/sound track or separate title eng
100 ## - MAIN ENTRY--PERSONAL NAME
Personal name Morris, C.
245 ## - TITLE STATEMENT
Title Perils of subletting
260 ## - PUBLICATION, DISTRIBUTION, ETC.
Date of publication, distribution, etc. 1991
350 ## - PRICE (NR) (BK AM CF MU VM SE) [OBSOLETE]
Price 0
490 ## - SERIES STATEMENT
Series statement Estates Gazette
Volume/sequential designation (9106) 16 February 1991, 119-120(2)
520 ## - SUMMARY, ETC.
Summary, etc. Addresses the hidden perils facing a firm which is subletting part of its own office space to a prospective subtenant covering access , security , use of the reception area, subtenants employees and visitors, use of lifts and toilets and subtenants fitting out.
690 ## - LOCAL SUBJECT ADDED ENTRY--TOPICAL TERM (OCLC, RLIN)
Topical term or geographic name as entry element LANDLORD AND TENANT-BUSINESS TENANCIES
942 ## - ADDED ENTRY ELEMENTS (KOHA)
Suppress in OPAC 0
948 ## - LOCAL PROCESSING INFORMATION (OCLC); SERIES PART DESIGNATOR (RLIN)
c (OCLC) 04/03/1997
Holdings
Withdrawn status Lost status Source of classification or shelving scheme Damaged status Not for loan Home library Current library Shelving location Date acquired Total Checkouts Full call number Barcode Date last seen Copy number Price effective from Koha item type
    Dewey Decimal Classification     London London Journal article 14/09/1999   ABS44113 45402-1001 06/08/2019 1 06/08/2019 Journal article